| 000 | 00813nas a2200265 4500 | ||
|---|---|---|---|
| 001 | BR2010003902 | ||
| 003 | BR-BrBNA | ||
| 005 | 20231205114637.0 | ||
| 007 | ta | ||
| 008 | 230509b bl.|||p| |||| 00| 00por d | ||
| 040 |
_aBR-BrBNA _bpor _cBiblioteca Nacional de Agricultura |
||
| 041 | _a(Pt) | ||
| 072 | _aF01 | ||
| 100 | 1 | _aConforto, E. de C. | |
| 100 | 1 | _aContin, D.R. | |
| 245 | 1 | _aDesenvolvimento do açaizeiro de terra firme, cultivar Pará, sob atenuação da radiação solar em fase de viveiro | |
| 650 | _aAÇAÍ | ||
| 650 | _aÁREA FOLIAR | ||
| 650 | _aSOMBREAMENTO | ||
| 650 | _aCRESCIMENTO | ||
| 650 | _aVIVEIRO | ||
| 773 | 0 |
_tBragantia (Brazil) _xISSN 0006-8705 _g(Oct-Dec 2009), v. 68(4) p. 979-983 _wBR2010003902 |
|
| 909 |
_a202311 _bLúcia _c55 _dLúcia Elande |
||
| 942 |
_2AGRIS _n0 _cANA |
||
| 999 |
_c209726 _d209726 |
||